MARC details
| 000 -CABECERA |
| campo de control de longitud fija |
03928nam a2200421 a 4500 |
| 001 - NÚMERO DE CONTROL |
| campo de control |
dia_471 |
| 003 - IDENTIFICADOR DEL NÚMERO DE CONTROL |
| campo de control |
CHAP |
| 005 - FECHA Y HORA DE LA ÚLTIMA TRANSACCIÓN |
| campo de control |
20260227174830.0 |
| 007 - CAMPO FIJO DE DESCRIPCIÓN FÍSICA--INFORMACIÓN GENERAL |
| campo de control de longitud fija |
ta |
| 008 - DATOS DE LONGITUD FIJA--INFORMACIÓN GENERAL |
| campo de control de longitud fija |
220117s1997 mx ade frm 001 0 spa d |
| 010 ## - NÚMERO DE CONTROL DE LA BIBLIOTECA DEL CONGRESO |
| Número de control de LC |
171023 |
| 040 ## - FUENTE DE LA CATALOGACIÓN |
| Centro catalogador/agencia de origen |
mxchpua |
| Centro/agencia transcriptor |
CHAP |
| 041 0# - CÓDIGO DE LENGUA |
| Código de lengua del texto/banda sonora o título independiente |
spa |
| Código de lengua del sumario o resumen |
eng |
| 090 ## - LOCALMENTE ASIGNADO TIPO-LC NÚMERO DE CLASIFICACIÓN (OCLC); NÚMERO DE CLASIFICACIÓN LOCAL (RLIN) |
| Número de clasificación (OCLC) (R) ; Numero de clasificación, CALL (RLIN) (NR) |
Tesis |
| Número cutter local (OCLC) ; Número de libro/Signatura topográfica íntegra, CALL (RLIN) |
E87 |
| año |
1997 |
| 100 1# - ENTRADA PRINCIPAL--NOMBRE DE PERSONA |
| Nombre de persona |
Espinosa Ortega, Milton |
| 240 10 - TÍTULO UNIFORME |
| Título uniforme |
Development strategy for the conditioning and marketing of the peanut (Arachis hipogaea L.) in Chiapas state middle zone. Español |
| Lenguaje de la obra |
Español |
| 245 10 - MENCIÓN DE TÍTULO |
| Título |
Estrategia de desarrollo para el acondicionamiento y comercialización del cacahuate (Arachis hipogaea L.) en la zona centro de Chiapas / |
| Mención de responsabilidad, etc. |
Milton Espinosa Ortega y Zorba Josué Hernández Estrada |
| 264 ## - PRODUCCIÓN, PUBLICACIÓN, DISTRIBUCIÓN, FABRICACIÓN Y COPYRIGHT |
| Producción, publicación, distribución, fabricación y copyright |
Chapingo, México : |
| Nombre del de productor, editor, distribuidor, fabricante |
El autor, |
| Fecha de producción, publicación, distribución, fabricación o copyright |
1997 |
| 300 ## - DESCRIPCIÓN FÍSICA |
| Extensión |
xii, 156 hojas : |
| Otras características físicas |
ilustraciones, tablas, gráficas, planos |
| 336 ## - TIPO DE CONTENIDO |
| Fuente |
rdacontent |
| Término de tipo de contenido |
texto |
| Código de tipo de contenido |
txt |
| 337 ## - TIPO DE MEDIO |
| Fuente |
rdamedia |
| Nombre/término del tipo de medio |
no mediado |
| Código del tipo de medio |
n |
| 338 ## - TIPO DE SOPORTE |
| Fuente |
rdacarrier |
| Nombre/término del tipo de soporte |
volumen |
| Código del tipo de soporte |
nc |
| 502 ## - NOTA DE TESIS |
| Nota de tesis |
Tesis |
| Tipo de título |
(Ingeniero Agroindustrial) -- |
| Nombre de la institución que otorga el título |
UACh. Departamento de Ingeniería Agroindustrial, |
| Año de obtención del título |
1997 |
| 504 ## - NOTA DE BIBLIOGRAFÍA, ETC. |
| Nota de bibliografía, etc. |
Bibliografía: hojas 154-156 |
| 505 ## - NOTA DE CONTENIDO CON FORMATO |
| Nota de contenido con formato |
4 Planos : --<br/>1. Diagrama de flujo A<br/>2. Diagrama de flujo B<br/>3. Plano distribución de áreas (Esc. 1:100) --<br/>4. Diagrama de distribución de equipo |
| 520 3# - SUMARIO, ETC. |
| Sumario, etc. |
El estudio del sistema agroindustrial cacahuate en Chiapas, identifica a los intemmediarios<br/>como el principal canal de comercialización del cacahuate, no obstante, la existencia de<br/>infraestructura para su beneficio y comercialización, perteneciente a la asociación civil "Solidaridad Campesino Magisterial"(SOCAMA AC), al Fondo Nacional de Empresas en Solidaridad(FONAES) y a un empresario privado, quienes a la fecha no han logrado un acuerdo común que permita una operación comercial eficiente de esta infraestructura, en asociacion con los agricultores. Este trabajo propone una estrategia para integrar verticalmente a los productores, permitiéndoles comercializar sus cosechas en mejores condiciones. Tambien logra que las entidades participantes puedan recuperar su inversión, y recibir participación en las utlidades. Asi, las tasas intemas de rentabllidad con la ejecución del proyecto son de: 92%, 30%, 13% y 20% para el proyecto en su conjunto, FONAES, SOCAMA AC y el empresario, respectivamente. Las empresas originadas con<br/>el proyecto presentan relaciones beneficio-costo actualizados muy elevadas tanto para la<br/>Asociación Rural de Interés Colectivo como para la Unión de Sociedades de Producción Rural.<br/>Los factores de riesgo más importantes para la ejecución del proyecto son: la organización<br/>social y el abasto de materia prima, el trabajo propone algunas sugerencias para fortalecerlos. |
| 520 3# - SUMARIO, ETC. |
| Sumario, etc. |
The study of the peanut agroindustrial system in Chiapas, Identifies the intemediary buyer<br/>as the principal peanut marketing channel. This work proposes a strategy to integrate peanut<br/>growers of Chiapas State middle zone vertically to sell their crops in better conditions, also the<br/>participating entities could recover their investment, and to receive participation from the profit. If the project were carried out, its financial indicators would be attractive for the investors.The most impontant risky factors for the execution of the project are: social organization and peanut supply, this work proposes some alternatives to strengthen them |
| 650 13 - PUNTO DE ACCESO ADICIONAL DE MATERIA--TÉRMINO DE MATERIA |
| Término de materia o nombre geográfico como elemento de entrada |
Maníes |
| Subdivisión general |
Industria y comercio |
| Subdivisión geográfica |
México |
| -- |
Chiapas |
| Fuente del encabezamiento o término |
atg |
| 650 13 - PUNTO DE ACCESO ADICIONAL DE MATERIA--TÉRMINO DE MATERIA |
| Término de materia o nombre geográfico como elemento de entrada |
Peanuts |
| Subdivisión general |
Industry and trade |
| Subdivisión geográfica |
Mexico |
| -- |
Chiapas |
| 700 1# - PUNTO DE ACCESO ADICIONAL--NOMBRE DE PERSONA |
| Nombre de persona |
Hernández Estrada Zorba Josué |
| Término indicativo de función/relación |
autor |
| 700 1# - PUNTO DE ACCESO ADICIONAL--NOMBRE DE PERSONA |
| Nombre de persona |
Santoyo Cortés, Vinicio Horacio |
| Término indicativo de función/relación |
director |
| 700 1# - PUNTO DE ACCESO ADICIONAL--NOMBRE DE PERSONA |
| Nombre de persona |
Pérez Pelayo, Fernando |
| Término indicativo de función/relación |
asesor |
| 700 1# - PUNTO DE ACCESO ADICIONAL--NOMBRE DE PERSONA |
| Nombre de persona |
Sánchez Domínguez, Samuel |
| Término indicativo de función/relación |
asesor |
| 901 ## - ELEMENTOS DE DATOS A LOCAL LDA (RLIN) |
| a |
TESIS E87 1997 |
| 942 ## - ELEMENTOS DE PUNTO DE ACCESO ADICIONAL (KOHA) |
| Tipo de ítem Koha |
TESIS |
| Fuente del sistema de clasificación o colocación |
Clasificación Universidad Autónoma Chapingo |
| 902 ## - ELEMENTOS DE DATOS B LOCAL, LDB (RLIN) |
| a |
M |
| 905 ## - ELEMENTOS DE DATOS E LOCAL, LDE (RLIN) |
| a |
5232261997 mx nme 8223123322spa16 |